<?xml version="1.0" encoding="UTF-8"?>
<collection xmlns="http://www.loc.gov/MARC21/slim">
 <record>
  <leader>00478pamaa2200169   4500</leader>
  <controlfield tag="001">0000048510</controlfield>
  <controlfield tag="005">20101217090000.0</controlfield>
  <datafield tag="020" ind1="0" ind2="0">
   <subfield code="a">812192524x (pbk.) </subfield>
  </datafield>
  <datafield tag="082" ind1=" " ind2=" ">
   <subfield code="a">621.8 MAL 2005</subfield>
  </datafield>
  <datafield tag="090" ind1="0" ind2="0">
   <subfield code="a">TJ146 </subfield>
   <subfield code="b">MAL 2005</subfield>
  </datafield>
  <datafield tag="100" ind1="1" ind2="0">
   <subfield code="a">Khurmi </subfield>
  </datafield>
  <datafield tag="245" ind1="1" ind2="0">
   <subfield code="a">Theory of machines : </subfield>
   <subfield code="b">S.I. Units  </subfield>
   <subfield code="c">R.S. Khurmi and J.K. Gupta.</subfield>
  </datafield>
  <datafield tag="260" ind1="0" ind2="0">
   <subfield code="a">New Delhi: </subfield>
   <subfield code="b">S. Chand &amp; Company, </subfield>
   <subfield code="c">2005.</subfield>
  </datafield>
  <datafield tag="300" ind1=" " ind2=" ">
   <subfield code="a">xii, 1071p.: </subfield>
   <subfield code="b">ill.; </subfield>
   <subfield code="c">21cm.</subfield>
  </datafield>
  <datafield tag="650" ind1="0" ind2="0">
   <subfield code="a">Machinery </subfield>
  </datafield>
  <datafield tag="700" ind1="1" ind2="1">
   <subfield code="a">Gupta, </subfield>
   <subfield code="h">J.K. </subfield>
  </datafield>
  <datafield tag="901" ind1=" " ind2=" ">
   <subfield code="u">www.schandgroup.com</subfield>
  </datafield>
 </record>
</collection>
